000 003250000a22001570004500
003 MACL
040 _aMACL
090 _c5320
_d5319
100 _aDatta, Amlan
245 _aA New Radicalism And Other Essays
260 _bMinerva India
_c1989
350 _a60
650 _aEssay
942 _cBOOK
_k824
951 _o824 BOOK
999 _c5278
_d5278